ARRUPE JESUIT UNIVERSITY

CORONAVIRUS -STOP THE SPREAD - CLEAN,DISINFECT,COVER

Transforming the hermeneutic context : (Record no. 123963)

MARC details
000 -LEADER
fixed length control field 01041pam a2200301 a 4500
001 - CONTROL NUMBER
control field 4816148
003 - CONTROL NUMBER IDENTIFIER
control field ARRUPE
005 - DATE AND TIME OF LATEST TRANSACTION
control field 20160120094500.0
008 - FIXED-LENGTH DATA ELEMENTS--GENERAL INFORMATION
fixed length control field 890117s1990 nyu b s001 0 eng
010 ## - LIBRARY OF CONGRESS CONTROL NUMBER
LC control number 89004172
020 ## - INTERNATIONAL STANDARD BOOK NUMBER
International Standard Book Number 0791401340
020 ## - INTERNATIONAL STANDARD BOOK NUMBER
International Standard Book Number 0791401359 (pbk.)
040 ## - CATALOGING SOURCE
Original cataloging agency DLC
Transcribing agency DLC
Modifying agency DLC
050 00 - LIBRARY OF CONGRESS CALL NUMBER
Classification number BD241
Item number .T7 1990
082 00 - DEWEY DECIMAL CLASSIFICATION NUMBER
Classification number 121/.68
Edition number 19
300 ## - PHYSICAL DESCRIPTION
Dimensions 24 cm.
245 00 - TITLE STATEMENT
Title Transforming the hermeneutic context :
Remainder of title from Nietzsche to Nancy /
Statement of responsibility, etc edited by Gayle L. Ormiston and Alan D. Schrift.
260 ## - PUBLICATION, DISTRIBUTION, ETC. (IMPRINT)
Place of publication, distribution, etc Albany, NY :
Name of publisher, distributor, etc State University of New York Press,
Date of publication, distribution, etc c1990.
300 ## - PHYSICAL DESCRIPTION
Extent xii, 306 p. ;
490 1# - SERIES STATEMENT
Series statement SUNY series, Intersections : philosophy and critical theory
504 ## - BIBLIOGRAPHY, ETC. NOTE
Bibliography, etc Bibliography: p. [261]-291.
650 #0 - SUBJECT ADDED ENTRY--TOPICAL TERM
Topical term or geographic name as entry element Hermeneutics.
9 (RLIN) 21579
700 1# - ADDED ENTRY--PERSONAL NAME
Personal name Ormiston, Gayle L.,
Dates associated with a name 1951-
9 (RLIN) 21580
700 1# - ADDED ENTRY--PERSONAL NAME
Personal name Schrift, Alan D.,
Dates associated with a name 1955-
9 (RLIN) 21581
830 #0 - SERIES ADDED ENTRY--UNIFORM TITLE
Uniform title Intersections (Albany, N.Y.)
9 (RLIN) 21582
906 ## - LOCAL DATA ELEMENT F, LDF (RLIN)
a 7
b cbc
c orignew
d 1
e ocip
f 19
g y-gencatlg
942 ## - ADDED ENTRY ELEMENTS (KOHA)
Source of classification or shelving scheme Library of Congress Classification
Koha item type Monograph ( Printed materials)
Holdings
Withdrawn status Lost status Source of classification or shelving scheme Damaged status Not for loan Collection code Home library Current library Shelving location Date acquired Total Checkouts Full call number Barcode Date last seen Price effective from Koha item type
    Library of Congress Classification     Main Collection ARRUPE LIBRARY ARRUPE LIBRARY Main Collection 20/01/2016   BD241 .T7 1990 46500005934 02/09/2016 20/01/2016 Monograph ( Printed materials)

 

Arrupe Library. PO Box MP320 Mt Pleasant, Harare, Zimbabwe
263 242 745411|librarian@aju.ac.zw